| 000 | 00705nam a2200253Ia 4500 | ||
|---|---|---|---|
| 003 | OSt | ||
| 005 | 20220925203851.0 | ||
| 006 | a|||||r|||| 00| 0 | ||
| 007 | ta | ||
| 008 | 220923b |||||||| |||| 00| 0 eng d | ||
| 037 | _cGeneral Book | ||
| 040 |
_aRTL _cRTL _beng |
||
| 041 |
_2eng _aeng |
||
| 082 | _aY9(W).73.N6, K2 | ||
| 100 |
_aIrish Marian D _9116309 |
||
| 245 | 0 | _aPolitics of American democracy | |
| 250 | _aEd 2 | ||
| 260 |
_aEnglewood _bPrentice Hall _c1962 |
||
| 300 |
_axiii, 658p _ccm. |
||
| 650 | _aPolitical Sociology | ||
| 700 | _a Prothro James W | ||
| 942 |
_hY9(W).73.N6, K2 _cGB _2CC |
||
| 999 |
_c547957 _d547957 |
||